000 00976nas a2200313 4500
001 BR0200313
003 BR-BrBNA
005 20231205102710.0
007 ta
008 230509b bl.|||p| |||| 00| 00por d
040 _aBR-BrBNA
_bpor
_cBiblioteca Nacional de Agricultura
041 _a(Pt)
072 _aL40
100 1 _aRachid, M.A.
100 1 _aNunes, V.A.
100 1 _aSerakides, R.
100 1 _aNascimento, J.A.F.B.
245 1 _aHistomorfometria e função da tireóide de frangos de corte após ingestão por curto período de toxina T-2 de Fusarium sporotrichioides
650 _aFRANGO DE CORTE
650 _aTIREÓIDE
650 _aTOXINA
650 _aRAÇÃO
650 _aBÓCIO
650 _aGLÂNDULA
650 _aMICOTOXINA
773 0 _tArquivo Brasileiro de Medicina Veterinária e Zootecnia (Brazil)
_xISSN 0102-0935
_g(Feb 2001), v. 53(1) p. 66-70
_wBR0200313
909 _a202311
_bLúcia
_c55
_dLúcia Elande
942 _2AGRIS
_n0
_cANA
999 _c168888
_d168888